| 000 | 00871cab a2200253 4500 | ||
|---|---|---|---|
| 001 | ABS54794 | ||
| 008 | 090401t1996 xxu||||| |||| 00| 0 eng d | ||
| 035 | _a(Sirsi) u12283 | ||
| 041 | _aeng | ||
| 100 | _aMilne, R. | ||
| 245 | _aLock turns the planning key to affordable homes | ||
| 260 | _c1996 | ||
| 350 | _a0 | ||
| 490 |
_aPlanning (for the Natural and Built Environment) _v(1160) 15 March 1996, 8-9(2) |
||
| 520 | _aAssesses the progress DoE Chief Planning Advisor David Lock is making on the long awaited discussion paper on future land use in the light of the latest household projections and comments by the CPRE. | ||
| 650 | _aCPRE | ||
| 650 | _aHOUSEHOLD PROJECTIONS | ||
| 650 |
_aLand use _96251 |
||
| 650 | _aLONG-TERM PLANNING | ||
| 650 | _aRESIDENTIAL DEVELOPMENT | ||
| 690 | _aPLANNING LAW AND PRACTICE | ||
| 942 | _n0 | ||
| 948 | _c04/03/1997 | ||
| 999 |
_c7863 _d7863 |
||